000 00805nam a2200217 i 4500
001 184509
003 ES-MaACL
005 20250902041230.0
008 150921s2001 sp d |||| | spa d
020 _a84-8468-009-6
080 _a658.8:316.648
100 1 _aBallesteros García, Carlos.
_9157544
245 1 0 _aMarketing con causa, marketing sin efecto
_b: el marketing con causa y la educación para el desarrollo /
_cCarlos Ballesteros García.
260 _aMadrid :
_bUniversidad Pontificia Comillas,
_c2001.
300 _a62 p. :
_bgráf. ;
_c24 cm.
504 _aBibliografía: p. 60-62.
650 7 _aMarketing social
_2embne
_9157545
710 2 _aUniversidad Pontificia Comillas
_9173007
852 _aES-MaACL
_j2331-F-25
_z. - Donat. Carlos París
999 _c184509
_d184509